| 000 | 00635nam a2200181Ia 4500 | ||
|---|---|---|---|
| 008 | 220216s9999 xx 000 0 und d | ||
| 100 | _aChua S E | ||
| 245 | 0 | _aStudies on tissue culture of Hevea brasiliensis I. Role of osmotic concentration, carbohydrates and pH values in induction of callus growth in plumule tissues from Hevea seedlings | |
| 260 |
_bJournal of the Rubber Research Institute of Malaya _c1966 |
||
| 300 | _a272-276 | ||
| 650 | _aCallus growth | ||
| 650 | _aHevea brasiliensis | ||
| 650 | _aHevea seedling | ||
| 650 | _aOsmotic concentration | ||
| 650 | _apH value | ||
| 650 | _aTissue culture | ||
| 942 | _cJS | ||
| 999 |
_c69751 _d69751 |
||